000 00501nam a2200181Ia 4500
008 100917s9999 xx 000 0 und d
082 _b47128
100 _aDennis Hamley
245 _aPageants Of Despair (आ. 2 री.)
260 _bAndre Deutsch
_c1974
300 _a175
365 _b0
520 _aबालविभाग
630 _aPageants Of Despair (आ. 2 री.)
650 _aबालविभाग
730 _aPageants Of Despair (आ. 2 री.)
942 _cBOOK
999 _c652522
_d652519